MEDICINA, SEXUALIDAD Y MATRIMONIO/

TRADUCCION DE: MENSCHENBILD, SEXUALITAT UND EHE

I tiakina i:
Ngā taipitopito rārangi puna kōrero
Kaituhi matua: Rotzer, Josef (autor)
Hōputu: Pukapuka
Rangatū:(Amor, Sexo y Familia ; 10)
Ngā Tūtohu: Tāpirihia he Tūtohu
Kāore He Tūtohu, Me noho koe te mea tuatahi ki te tūtohu i tēnei pūkete!

MARC

LEADER 00000nam^a2200000^a^4500
001 000211917
005 20250521000000.0
009 20260310103437.363
035 |a 004113 
037 |a Acervo Xavier Clavigero 
082 |a 252. 3  |b ROT 
100 |a Rotzer, Josef  |e (autor) 
245 1 0 |a MEDICINA, SEXUALIDAD Y MATRIMONIO/  |c JOSEF ROTZER; TR. VENANCIO MANCEBO 
264 |a VIZCAYA :  |b Ediciones Paulinas,  |c 1970: 
300 |a 180p. 
336 |a texto  |b txt  |2 rdacontenido 
337 |a sin mediación  |b n  |2 rdamedio 
338 |a volumen  |b nc  |2 rdasoporte 
440 |a (Amor, Sexo y Familia ;  |v 10) 
520 |a TRADUCCION DE: MENSCHENBILD, SEXUALITAT UND EHE 
649 |a XX 
910 |a Fondo General 
920 |a Impresos - Libros 
930 |a Colección General 
905 |a 101 
901 |a 004113  |b IT1  |c ACC  |i 004113  |u 20250521 
902 |a https://opac.biblio.iteso.mx/vufind/Record/000211917